000 00401nam a22001697a 4500
005 20160620155636.0
008 160620b xxu||||| |||| 00| 0 eng d
020 _a979-81-7722-310-05
041 _aeng
082 _b8589
100 _aKonyz harld and waihrich Heigz
_92344
245 _aEssential of Management
260 _bTMH
_c2007
300 _a446
650 _aManagement
_9241
942 _cBK
999 _c3312
_d3311